Steel Panther Albums - Statistics

General Stats
  • This quiz has been taken 4 times
  • The average score is 6 of 10
Answer Stats
Year Answer % Correct
2009 Feel The Steel
100%
2019 Heavy Metal Rules
100%
2011 Balls Out
75%
2017 Lower The Bar
75%
2014 All You Can Eat
50%
2016 Live From Lexxi’s Mom’s Garage
50%
2023 On The Prowl
50%
2024 Feel The Steel (15th Anniversary Edition)
25%
2003/2005 Hole Patrol
25%
2010 British Invasion Live At Brixton Academy
0%
No matching quizzes found
Score Distribution
Percent of People with Each Score
Percentile by Number Answered
Your Score History
You have not taken this quiz